[Event "FIDE WCh KO"]
[Site "Moscow RUS"]
[Date "2001.11.27"]
[Round "1.1"]
[White "Pierrot, Facundo"]
[Black "Topalov, Veselin"]
[Result "0-1"]
[WhiteElo "2427"]
[BlackElo "2733"]
[EventDate "2001.11.27"]

1.e4 c5 2.Cf3 d6 3.Fb5+ Cc6 4.O-O Fd7 5.Te1 Cf6 6.h3 e6 7.c3 a6 8.Ff1 Fe7 
9.d4 cxd4 10.cxd4 d5 11.e5 Ce4 12.Cbd2 Cxd2 13.Fxd2 Tc8 14.Db3 b5 15.Tac1 
O-O 16.De3 Db6 17.Fd3 f5 18.exf6 Fxf6 19.Ce5 Cxe5 20.dxe5 Dxe3 21.Txe3 
Txc1+ 22.Fxc1 Tc8 23.Fd2 Fd8 24.Te1 Fb6 25.Fe3 Fxe3 26.fxe3 Fe8 27.Rf2 Fg6
28.Fxg6 hxg6 29.e4 Rf7 30.Re3 dxe4 31.Te2 g5 32.Rxe4 a5 33.Td2 Tc4+ 34.Re3
g4 35.Td4 Tc2 36.Tf4+ Rg8 37.Tf2 Tc5 38.Rd4 Tc4+ 39.Rd3 gxh3 40.gxh3 Th4 
41.Tf3 Rh7 42.Tg3 Rh6 43.b3 a4 44.Te3 axb3 45.axb3 Tb4 46.Rc3 Tf4 47.Rd3 
g5 48.Tg3 Rg6 49.Te3 Rf5 50.Rc3 Th4 51.Rd3 Rf4 52.Rd4 Th8 53.Te4+ Rf5 54.
Te3 Td8+ 55.Rc5 Td5+ 56.Rb4 Rf4 57.Te1 Td3 58.Th1 Rxe5 59.h4 gxh4 60.Tb1 
h3 61.Rxb5 h2 0-1

[Event "FIDE WCh KO"]
[Site "Moscow RUS"]
[Date "2001.11.28"]
[Round "1.2"]
[White "Topalov, Veselin"]
[Black "Pierrot, Facundo"]
[Result "1-0"]
[WhiteElo "2733"]
[BlackElo "2427"]
[EventDate "2001.11.28"]

1.Cf3 Cf6 2.c4 c5 3.g3 d5 4.d4 dxc4 5.Da4+ Fd7 6.Dxc4 cxd4 7.Fg2 Cc6 8.
Cxd4 Tc8 9.O-O e6 10.Cc3 Fe7 11.Td1 Da5 12.Cb3 Dc7 13.Ff4 e5 14.Fg5 Fe6 
15.Da4 O-O 16.Fxf6 Fxf6 17.Cc5 De7 18.Cxe6 Dxe6 19.Fxc6 Txc6 20.Dxa7 e4 
21.Cd5 Fxb2 22.Tab1 Fe5 23.Dxb7 Tc2 24.Db4 Txe2 25.Ce7+ Rh8 26.Cc6 Te8 27.
Db5 Txa2 28.Cd8 De7 29.Dd5 Tf8 1-0

[Event "FIDE WCh KO"]
[Site "Moscow RUS"]
[Date "2001.11.29"]
[Round "2.1"]
[White "Topalov, Veselin"]
[Black "Vescovi, Giovanni"]
[Result "1-0"]
[WhiteElo "2733"]
[BlackElo "2585"]
[EventDate "2001.11.27"]

1.e4 e5 2.Cf3 Cc6 3.Fb5 a6 4.Fa4 Cf6 5.O-O Fe7 6.Te1 b5 7.Fb3 d6 8.c3 O-O 
9.h3 Fb7 10.d4 Te8 11.Cbd2 Ff8 12.a4 h6 13.Fc2 exd4 14.cxd4 Cb4 15.Fb1 c5 
16.d5 Cd7 17.Ta3 f5 18.Ch2 Cf6 19.Tg3 De7 20.Chf3 fxe4 21.Cxe4 Fxd5 22.
Cxf6+ Dxf6 23.Fd2 Ff7 24.Fc3 Txe1+ 25.Dxe1 De6 26.Ce5 Cd5 27.De4 Cf6 28.
Dxa8 dxe5 29.axb5 axb5 30.Db8 Dd6 31.Dxb5 1-0

[Event "FIDE WCh KO"]
[Site "Moscow RUS"]
[Date "2001.11.30"]
[Round "2.2"]
[White "Vescovi, Giovanni"]
[Black "Topalov, Veselin"]
[Result "1/2-1/2"]
[WhiteElo "2585"]
[BlackElo "2733"]
[EventDate "2001.11.27"]

1.e4 e5 2.Cf3 Cf6 3.Cxe5 d6 4.Cf3 Cxe4 5.Fd3 Cf6 6.h3 Cbd7 7.O-O Cc5 8.Fe2
d5 9.d4 Cce4 10.c4 Fe7 11.Cc3 O-O 12.cxd5 Cxc3 13.bxc3 Cxd5 14.Db3 Ff6 15.
c4 Ce7 16.Fb2 Cg6 17.Tfd1 b6 18.Ff1 Ff5 19.Ce5 Te8 20.a4 Dc8 21.Cc6 Ce7 
22.d5 Cxc6 23.Fxf6 gxf6 24.dxc6 De6 25.Dg3+ Fg6 26.Dxc7 Tec8 27.Df4 Txc6 
28.a5 De5 29.Df3 Tac8 30.axb6 axb6 31.Da3 Dc5 32.Dg3 Dg5 33.Db3 Fe4 34.Td4
De5 35.Tad1 Rg7 36.Db4 Te6 37.Da3 Ta8 38.Db3 Tae8 39.Db4 Dc5 40.Dd2 Dg5 
41.Db2 h5 42.Da3 Dc5 43.Dc3 Da5 44.Db2 De5 45.Te1 Dc5 46.Te3 Fg6 47.Td5 
Dc7 48.Txe6 Txe6 49.Dd2 Te5 50.Td4 Dc5 51.Td8 De7 52.Td7 Dc5 53.Td8 De7 
54.Tb8 Te1 55.Txb6 De5 56.Ta6 De4 57.Dc3 De5 58.Dxe5 fxe5 59.Ta3 Tc1 60.f4
exf4 61.Tf3 Fe4 1/2-1/2

[Event "FIDE WCh KO"]
[Site "Moscow RUS"]
[Date "2001.12.01"]
[Round "3.1"]
[White "Zhang Zhong"]
[Black "Topalov, Veselin"]
[Result "1/2-1/2"]
[WhiteElo "2657"]
[BlackElo "2733"]
[EventDate "2001.11.27"]

1.e4 c5 2.Cf3 Cc6 3.Fb5 d6 4.O-O Fd7 5.Te1 Cf6 6.c3 a6 7.Ff1 Fg4 8.d3 Cd7 
9.Cbd2 e6 10.h3 Fh5 11.g4 Fg6 12.d4 cxd4 13.cxd4 e5 14.d5 Ccb8 15.b3 h5 
16.g5 Fe7 17.Fa3 b5 18.De2 O-O 19.De3 h4 20.Fd3 Fh5 21.Rh1 g6 22.Tg1 Da5 
23.Fb2 Fd8 24.Cxh4 Fb6 25.De1 Fc5 26.a4 Db6 27.Tf1 Fb4 28.axb5 Cc5 29.Fc4 
Cbd7 30.bxa6 Cxa6 31.Dc1 Cac5 32.Fc3 Tfc8 33.Txa8 Txa8 34.Dc2 Da5 35.Ta1 
Dxa1+ 36.Fxa1 Txa1+ 37.Rg2 f6 38.gxf6 Cxf6 39.f3 Rh7 40.Ff1 g5 41.Cf5 Fxd2
42.Dxd2 Fxf3+ 43.Rg1 Ccxe4 44.Dd3 g4 45.hxg4 Cg5 46.Cg3+ Cfe4 47.Dc2 Rg6 
48.Rh2 Fd1 49.Db2 Cf3+ 50.Rg2 Ce1+ 51.Rh2 Cf3+ 52.Rh3 Cfg5+ 53.Rg2 Ff3+ 
54.Rg1 Td1 55.Cxe4 Cxe4 56.Dh2 Rg5 57.Dh5+ Rf4 58.Dh6+ Rxg4 59.Dh3+ Rf4 
60.Dh6+ Rf5 61.Dh7+ Rg5 62.Dg7+ Rf4 63.Dh6+ Cg5 64.Rf2 Td2+ 65.Re1 Td1+ 
66.Rf2 Td2+ 67.Re1 Td1+ 1/2-1/2

[Event "FIDE WCh KO"]
[Site "Moscow RUS"]
[Date "2001.12.02"]
[Round "3.2"]
[White "Topalov, Veselin"]
[Black "Zhang Zhong"]
[Result "1-0"]
[WhiteElo "2733"]
[BlackElo "2657"]
[EventDate "2001.11.27"]

1.e4 c5 2.Cf3 d6 3.d4 Cf6 4.Cc3 cxd4 5.Cxd4 a6 6.Fe3 e5 7.Cb3 Fe6 8.f3 Fe7
9.Dd2 h5 10.Fe2 Cbd7 11.Cd5 Cxd5 12.exd5 Ff5 13.O-O Dc7 14.c4 b6 15.f4 g6 
16.Tad1 a5 17.fxe5 Cxe5 18.Txf5 gxf5 19.Cd4 Cg4 20.Cc6 Tg8 21.Tf1 Ce5 22.
Txf5 Cxc6 23.dxc6 O-O-O 24.Dd5 Tde8 25.Txf7 Rb8 26.Ff4 Ra7 27.c5 bxc5 28.
Fxd6 Fxd6 29.Txc7+ Fxc7 30.Db3 1-0

[Event "FIDE WCh KO"]
[Site "Moscow RUS"]
[Date "2001.11.03"]
[Round "4.1"]
[White "Topalov, Veselin"]
[Black "Shirov, Alexei"]
[Result "1/2-1/2"]
[WhiteElo "2733"]
[BlackElo "2706"]
[EventDate "2001.11.27"]

1.e4 e5 2.Cf3 Cf6 3.Cxe5 d6 4.Cf3 Cxe4 5.d4 d5 6.Fd3 Cc6 7.O-O Fe7 8.c4 
Cb4 9.Fe2 O-O 10.Cc3 Fe6 11.Ce5 c5 12.Cxe4 dxe4 13.d5 Fc8 14.a3 Ca6 15.Dc2
f6 16.Cg4 Fd6 17.f4 exf3 18.Fxf3 Dc7 19.g3 Fd7 20.Cf2 b5 21.b3 Tae8 22.Rg2
Fe5 23.Tb1 Fd4 24.Fd2 b4 25.a4 Dc8 26.Tbe1 Ff5 27.Fe4 Txe4 28.Cxe4 Fh3+ 
29.Rh1 Fxf1 30.Txf1 Dg4 31.Cd6 Td8 32.Df5 h5 33.Dxg4 hxg4 34.Cb5 Td7 35.
Ff4 Te7 36.Cxd4 cxd4 37.c5 g5 38.Fd6 Te3 39.c6 Rf7 40.Fb8 Cxb8 41.c7 Te8 
42.cxb8=D Txb8 43.Td1 f5 44.Txd4 Rf6 45.Tc4 Re5 46.Tc7 Rxd5 47.Txa7 Tc8 
48.Td7+ Re4 49.Td1 Tc3 50.a5 Txb3 51.a6 Ta3 52.Tb1 f4 53.Txb4+ Re3 54.Tb1 
Txa6 55.Tb3+ Re2 56.Tb2+ Rd3 57.gxf4 gxf4 58.Tb4 Ta1+ 59.Rg2 f3+ 60.Rf2 
Ta2+ 61.Rg1 Tg2+ 62.Rh1 Td2 63.Rg1 Re3 64.Tb3+ Td3 65.Tb1 Td4 66.Tb3+ Rf4 
67.Tb8 Td1+ 68.Rf2 Td2+ 69.Rg1 Tg2+ 70.Rh1 Te2 71.Rg1 Re3 72.Te8+ Rd2 73.
Ta8 Tg2+ 74.Rh1 Re3 75.Ta3+ Rf4 76.Ta4+ Rg5 77.Ta8 g3 78.hxg3 Rg4 79.Tg8+ 
Rh3 80.Th8+ 1/2-1/2

[Event "FIDE WCh KO"]
[Site "Moscow RUS"]
[Date "2001.12.05"]
[Round "4.2"]
[White "Shirov, Alexei"]
[Black "Topalov, Veselin"]
[Result "1/2-1/2"]
[WhiteElo "2706"]
[BlackElo "2733"]
[EventDate "2001.11.27"]

1.e4 e5 2.Cf3 Cf6 3.Cxe5 d6 4.Cf3 Cxe4 5.d4 d5 6.Fd3 Cc6 7.O-O Fe7 8.c4 
Cb4 9.Fe2 Fe6 10.Cc3 O-O 11.Fe3 Ff5 12.Db3 c6 13.cxd5 cxd5 14.Tac1 a5 15.
Ca4 Tb8 16.Cc5 Fd6 17.Tfd1 b6 18.Cxe4 dxe4 19.Ce5 De8 20.Cc4 Fc7 21.Ca3 
Tb7 22.Cb5 Fb8 23.d5 Fd7 24.a4 Fe5 25.d6 Db8 26.Tc7 Td8 27.Dc4 Ca6 28.Tc1 
Cxc7 29.dxc7 Txc7 30.Cxc7 Tc8 31.Dd5 Txc7 32.Td1 De8 33.Fxb6 Fxa4 34.Dxe5 
Dxe5 35.Td8+ Fe8 36.Fxc7 De7 37.Fxa5 h6 38.Fb5 1/2-1/2

[Event "FIDE WCh KO"]
[Site "Moscow RUS"]
[Date "2001.12.05"]
[Round "4.3"]
[White "Topalov, Veselin"]
[Black "Shirov, Alexei"]
[Result "1/2-1/2"]
[WhiteElo "2733"]
[BlackElo "2706"]
[EventDate "2001.11.27"]

1.e4 e5 2.Cf3 Cf6 3.Cxe5 d6 4.Cf3 Cxe4 5.d4 d5 6.Fd3 Cc6 7.O-O Fe7 8.c4 
Cb4 9.Fe2 O-O 10.Cc3 Fe6 11.Fe3 Ff5 12.Db3 c6 13.Ce5 a5 14.g4 Fe6 15.Cxe4 
dxe4 16.a3 f6 17.axb4 fxe5 18.d5 cxd5 19.cxd5 Fxd5 20.Fc4 Fxc4 21.Dxc4+ 
Rh8 22.bxa5 Txa5 23.Dxe4 Tb5 24.Tfd1 De8 25.h3 Txb2 26.Dxe5 Tb5 27.De6 Fg5
28.Dxe8 Txe8 29.Fxg5 Txg5 30.Ta7 h5 31.Txb7 1/2-1/2

[Event "FIDE WCh KO"]
[Site "Moscow RUS"]
[Date "2001.12.05"]
[Round "4.4"]
[White "Shirov, Alexei"]
[Black "Topalov, Veselin"]
[Result "1/2-1/2"]
[WhiteElo "2706"]
[BlackElo "2733"]
[EventDate "2001.11.27"]

1.e4 c5 2.Cf3 Cc6 3.d4 cxd4 4.Cxd4 g6 5.Cc3 Fg7 6.Fe3 Cf6 7.Fc4 O-O 8.Fb3 
d6 9.f3 Fd7 10.Dd2 Cxd4 11.Fxd4 b5 12.h4 a5 13.a4 bxa4 14.Cxa4 Fe6 15.Cb6 
Ta6 16.Cd5 Fxd5 17.exd5 Dc7 18.Ta4 Tb8 19.Rf2 h5 20.Te1 Ce8 21.Fxg7 Cxg7 
22.g4 Dd8 23.Rg2 Ta7 24.De3 Tab7 25.Te4 Tb4 26.Dg5 Txe4 27.Txe4 Tb4 28.
Txb4 axb4 29.De3 Dc7 30.Dd4 Da5 31.De3 Dc7 32.Dd4 Da5 33.De3 1/2-1/2

[Event "FIDE WCh KO"]
[Site "Moscow RUS"]
[Date "2001.12.05"]
[Round "4.5"]
[White "Shirov, Alexei"]
[Black "Topalov, Veselin"]
[Result "1-0"]
[WhiteElo "2706"]
[BlackElo "2733"]
[EventDate "2001.11.27"]

1.e4 c5 2.Cf3 Cc6 3.d4 cxd4 4.Cxd4 g6 5.Cc3 Fg7 6.Fe3 Cf6 7.Fc4 O-O 8.Fb3 
d6 9.f3 Fd7 10.Dd2 Tc8 11.O-O-O Cxd4 12.Fxd4 b5 13.Cd5 Cxd5 14.exd5 Fxd4 
15.Dxd4 a5 16.a3 b4 17.a4 De8 18.h4 Fxa4 19.Rb1 Fxb3 20.cxb3 a4 21.h5 f6 
22.hxg6 Dxg6+ 23.Dd3 axb3 24.Th4 Dxd3+ 25.Txd3 Tb8 26.Txb3 Tb5 27.Td4 Tfb8
28.Rc2 Rf7 29.g4 f5 30.gxf5 Rf6 31.Te3 b3+ 32.Rd3 T8b7 33.Te6+ Rxf5 34.Th6
Tb4 35.Te4 T4b5 36.Re3 Rg5 37.Teh4 1-0

[Event "FIDE WCh KO"]
[Site "Moscow RUS"]
[Date "2001.12.05"]
[Round "4.6"]
[White "Topalov, Veselin"]
[Black "Shirov, Alexei"]
[Result "1-0"]
[WhiteElo "2733"]
[BlackElo "2706"]
[EventDate "2001.11.27"]

1.e4 e5 2.Cf3 Cf6 3.Cxe5 d6 4.Cf3 Cxe4 5.d4 d5 6.Fd3 Cc6 7.O-O Fe7 8.c4 
Cb4 9.Fe2 O-O 10.Cc3 Fe6 11.Fe3 Ff5 12.Db3 c6 13.g4 Fxg4 14.c5 a5 15.a3 
Ca6 16.Dxb7 Cc7 17.Ce5 Fxe2 18.Cxc6 Dd7 19.Cxe2 Ta6 20.Ce5 Dd8 21.Cg3 Ff6 
22.Cxe4 dxe4 23.Dxe4 Te6 24.c6 Fxe5 25.dxe5 f5 26.Dc4 f4 27.Fb6 Dd5 28.
Dxd5 Cxd5 29.Fxa5 f3 30.c7 Cf4 31.Tac1 Ce2+ 32.Rh1 Cxc1 33.Txc1 Tc8 34.Td1
Rf7 35.Td8 Tc6 36.h3 T8xc7 37.Fxc7 Txc7 38.Td3 Tc2 39.Txf3+ Re6 40.b4 Rxe5
41.Rg2 Tb2 42.Tf7 Rd5 1-0

[Event "FIDE WCh KO"]
[Site "Moscow RUS"]
[Date "2001.12.05"]
[Round "4.7"]
[White "Topalov, Veselin"]
[Black "Shirov, Alexei"]
[Result "0-1"]
[WhiteElo "2733"]
[BlackElo "2706"]
[EventDate "2001.11.27"]

1.e4 e5 2.Cf3 Cf6 3.Cxe5 d6 4.Cf3 Cxe4 5.d4 d5 6.Fd3 Cc6 7.O-O Fe7 8.c4 
Cb4 9.Fe2 O-O 10.Cc3 Fe6 11.Fe3 Ff5 12.Db3 c6 13.g4 Fxg4 14.c5 a5 15.a3 
Ca6 16.Dxb7 Cxc3 17.bxc3 Cc7 18.Tab1 Cb5 19.Ce5 Fxe2 20.Cxc6 De8 21.Cxe7+ 
Rh8 22.Tfe1 Tb8 23.Dxd5 Dxe7 24.Fd2 Cc7 25.Dd6 Dxd6 26.cxd6 Txb1 27.Txb1 
Cb5 28.d7 Cxa3 29.Tb7 h6 30.Ff4 Fg4 31.Fd6 Td8 32.Fxa3 Txd7 33.Tb8+ Rh7 
34.Ta8 Td5 35.Rg2 Fe2 36.f3 Tf5 37.f4 Fc4 38.Rg3 Tb5 39.Fc5 Tb3 40.Txa5 
Txc3+ 41.Rf2 Tc2+ 42.Re3 Te2+ 43.Rf3 Txh2 44.Fd6 Td2 45.Re3 Td3+ 46.Re4 
Td1 47.Tc5 Te1+ 48.Rf3 Fd3 49.d5 Fe4+ 50.Rf2 Td1 51.Re3 Fxd5 52.Re2 Ff3+ 
53.Rxf3 Txd6 0-1

[Event "NAO Masters"]
[Site "Cannes FRA"]
[Date "2002.02.22"]
[Round "1"]
[White "Topalov, Veselin"]
[Black "Morozevich, Alexander"]
[Result "1-0"]
[WhiteElo "2739"]
[BlackElo "2742"]
[EventDate "2002.02.22"]

1.e4 e5 2.Cf3 Cc6 3.Fb5 a6 4.Fa4 Cf6 5.O-O b5 6.Fb3 Fc5 7.a4 Tb8 8.c3 d6 
9.d4 Fb6 10.axb5 axb5 11.Ca3 O-O 12.Cxb5 Fg4 13.Fc2 h6 14.dxe5 Cxe5 15.
Cbd4 d5 16.exd5 Dxd5 17.h3 Fh5 18.g4 Cfxg4 19.Cxe5 Cxe5 20.Dxh5 Fxd4 21.
Df5 Cf3+ 22.Rh1 Dxf5 23.Fxf5 Ff6 24.Ta7 c5 25.Fe4 Ce5 26.Td1 Cc4 27.Fb7 
Fg5 28.Fxg5 hxg5 29.b3 Ce5 30.Td5 Tfe8 31.Txc5 Te7 32.Tb5 Cd3 33.Fe4 1-0

[Event "NAO Masters"]
[Site "Cannes FRA"]
[Date "2002.02.23"]
[Round "2"]
[White "Bacrot, Etienne"]
[Black "Topalov, Veselin"]
[Result "1/2-1/2"]
[WhiteElo "2649"]
[BlackElo "2739"]
[EventDate "2002.02.22"]

1.d4 Cf6 2.c4 e6 3.Cc3 Fb4 4.Cf3 b6 5.Fg5 h6 6.Fh4 Fb7 7.e3 c5 8.Fd3 cxd4 
9.exd4 Fxc3+ 10.bxc3 d6 11.Da4+ Cbd7 12.Db4 Dc7 13.Fg3 e5 14.Ch4 Fe4 15.
Fxe4 Cxe4 16.Cf5 g6 17.Ce3 O-O 18.Cd5 Dd8 19.O-O Te8 20.Tad1 exd4 21.Fxd6 
Cxc3 22.Cxc3 dxc3 23.Dxc3 Df6 24.Dh3 Ce5 25.c5 1/2-1/2

[Event "NAO Masters"]
[Site "Cannes FRA"]
[Date "2002.02.24"]
[Round "3"]
[White "Topalov, Veselin"]
[Black "Fressinet, Laurent"]
[Result "1/2-1/2"]
[WhiteElo "2739"]
[BlackElo "2591"]
[EventDate "2002.02.22"]

1.e4 e5 2.Cf3 Cc6 3.Fb5 a6 4.Fa4 Cf6 5.O-O Fe7 6.Te1 b5 7.Fb3 d6 8.c3 O-O 
9.h3 Cd7 10.d4 Cb6 11.Cbd2 Ff6 12.Cf1 Te8 13.C1h2 exd4 14.cxd4 Ca5 15.Fc2 
c5 16.Cg4 Fxg4 17.hxg4 cxd4 18.g5 Fe5 19.Cxd4 g6 20.Cf3 Fg7 21.Tb1 Tc8 22.
b3 d5 23.Fe3 1/2-1/2

[Event "NAO Masters"]
[Site "Cannes FRA"]
[Date "2002.02.25"]
[Round "4"]
[White "Nataf, Igor-Alexandre"]
[Black "Topalov, Veselin"]
[Result "1/2-1/2"]
[WhiteElo "2546"]
[BlackElo "2739"]
[EventDate "2002.02.22"]

1.e4 e5 2.Cf3 Cf6 3.Cxe5 d6 4.Cf3 Cxe4 5.d4 d5 6.Fd3 Cc6 7.O-O Fe7 8.c4 
Cb4 9.Fe2 Fe6 10.c5 a5 11.Ce5 f6 12.Cd3 O-O 13.Cf4 Ff7 14.Fg4 g6 15.Ce6 
Fxe6 16.Fxe6+ Rg7 17.a3 Cc6 18.Cc3 Te8 19.Cxd5 Fxc5 20.dxc5 Txe6 21.Ff4 
Ce5 22.Tc1 c6 23.Cb6 Dxd1 24.Tfxd1 Tae8 25.Fxe5 Txe5 26.Cc4 Txc5 27.f3 Cg5
28.h4 Ce6 29.Td7+ Rf8 30.b4 axb4 31.axb4 Td5 32.Txb7 Cf4 33.Ta1 1/2-1/2

[Event "NAO Masters"]
[Site "Cannes FRA"]
[Date "2002.02.26"]
[Round "5"]
[White "Topalov, Veselin"]
[Black "Bareev, Evgeny"]
[Result "1/2-1/2"]
[WhiteElo "2739"]
[BlackElo "2707"]
[EventDate "2002.02.22"]

1.e4 e6 2.d4 d5 3.Cc3 Cf6 4.Fg5 dxe4 5.Cxe4 Cbd7 6.Cf3 h6 7.Cxf6+ Cxf6 8.
Fxf6 Dxf6 9.Fb5+ c6 10.Fd3 Fd7 11.De2 c5 12.De4 Tb8 13.Ce5 Fd6 14.f4 cxd4 
15.O-O Fxe5 16.fxe5 Dg5 17.Dxd4 Fc6 18.Fe4 O-O 19.Fxc6 1/2-1/2

[Event "NAO Masters"]
[Site "Cannes FRA"]
[Date "2002.02.27"]
[Round "6"]
[White "Gelfand, Boris"]
[Black "Topalov, Veselin"]
[Result "1/2-1/2"]
[WhiteElo "2703"]
[BlackElo "2739"]
[EventDate "2002.02.22"]

1.Cf3 c5 2.c4 g6 3.d4 Fg7 4.d5 d6 5.e4 e6 6.h3 exd5 7.exd5 Ch6 8.De2+ Rf8 
9.Fg5 f6 10.Ff4 Cf7 11.Cc3 g5 12.Fd2 h6 13.g3 Ca6 14.Fg2 Ff5 15.O-O Dd7 
16.Rh2 Te8 17.Dd1 Fd3 18.Te1 Fxc4 19.b3 Fd3 20.Txe8+ Dxe8 21.Fxg5 Fe2 22.
Cxe2 hxg5 23.Dd2 f5 24.Te1 Dd8 25.Rg1 Cc7 26.h4 Fh6 27.hxg5 Cxg5 28.Dd3 
Cxf3+ 29.Dxf3 Df6 30.g4 Fd2 31.Td1 Fg5 32.Cg3 fxg4 33.Dxg4 Ff4 34.Te1 Fe5 
35.Te3 Th4 36.Dc8+ Ce8 37.Ce4 Dg6 38.Rf1 Ff4 39.Th3 Txh3 40.Dxh3 Fe5 41.
Ff3 1/2-1/2

[Event "NAO Masters"]
[Site "Cannes FRA"]
[Date "2002.03.01"]
[Round "7"]
[White "Topalov, Veselin"]
[Black "Karpov, Anatoly"]
[Result "1-0"]
[WhiteElo "2739"]
[BlackElo "2693"]
[EventDate "2002.02.22"]

1.e4 c6 2.d4 d5 3.Cc3 dxe4 4.Cxe4 Cd7 5.Cg5 Cgf6 6.Fd3 e6 7.C1f3 Fd6 8.De2
h6 9.Ce4 Cxe4 10.Dxe4 Dc7 11.Dg4 Rf8 12.O-O c5 13.b3 e5 14.dxc5 Cxc5 15.
Ff5 h5 16.Dh3 Ce6 17.Td1 Fe7 18.Dg3 Cf4 19.Fxf4 exf4 20.Dh3 Ff6 21.Tac1 g6
22.Fxc8 Dxc8 23.Dxc8+ Txc8 24.Td7 Tb8 25.c4 Rg7 26.Rf1 g5 27.Tcd1 The8 28.
T1d5 Rg6 29.h3 a6 30.T5d6 Te6 31.Txe6 fxe6 32.Cd2 g4 33.Ce4 b6 34.f3 gxf3 
35.gxf3 Fb2 36.Te7 Rf5 37.Ta7 a5 38.c5 bxc5 39.Txa5 Fd4 40.Cxc5 Tc8 41.b4 
e5 42.Ce4 Re6 43.Re2 Tc2+ 44.Rd3 Th2 45.Ta6+ Rd7 46.Cg5 Tg2 47.h4 Th2 48.
Ce6 Ff2 49.Cf8+ Rc7 50.Cg6 Fe1 51.b5 Tb2 52.a4 Tb3+ 53.Re4 Te3+ 54.Rf5 
Txf3 55.Cxe5 Tb3 56.Rxf4 Fxh4 57.Re4 Fg3 58.Tc6+ Rd8 59.Cd3 h4 60.Th6 Ta3 
61.Cc5 Ff2 62.Rd5 Fxc5 63.Rxc5 Txa4 64.Rc6 Tc4+ 65.Rb7 Rd7 66.b6 Tb4 67.
Ra7 Ta4+ 68.Rb8 Tb4 69.b7 Ta4 70.Th7+ Rd8 71.Th8+ Rd7 72.Th6 Rd8 73.Th7 
Tb4 74.Ra7 Ta4+ 75.Rb6 1-0

[Event "NAO Masters"]
[Site "Cannes FRA"]
[Date "2002.03.02"]
[Round "8"]
[White "Lautier, Joel"]
[Black "Topalov, Veselin"]
[Result "0-1"]
[WhiteElo "2687"]
[BlackElo "2739"]
[EventDate "2002.02.22"]

1.d4 Cf6 2.c4 e6 3.Cf3 c5 4.Cc3 cxd4 5.Cxd4 Cc6 6.a3 Cxd4 7.Dxd4 b6 8.Df4 
Fb7 9.e4 d6 10.Fd3 Cd7 11.Dg3 a6 12.O-O g6 13.Ff4 Dc7 14.Fc2 h5 15.Fa4 Fc6
16.Fxc6 Dxc6 17.h4 Fe7 18.Tad1 Ce5 19.Fxe5 dxe5 20.Dxe5 O-O 21.Df4 Dxc4 
22.Td7 Fxa3 23.bxa3 Dxc3 24.Dd6 b5 25.Td1 Df6 26.g3 Tfc8 27.Rg2 Tc2 28.Db6
Tac8 29.T1d3 T8c3 30.De3 Txd3 31.Txd3 De5 32.Df3 Tc4 33.Te3 Rg7 34.De2 Dd4
35.e5 Tc3 36.Db2 Dd5+ 37.Rh2 Txe3 38.fxe3 Dc5 39.e4 De3 40.Db4 Df2+ 41.Rh3
Dg1 0-1

[Event "NAO Masters"]
[Site "Cannes FRA"]
[Date "2002.03.03"]
[Round "9"]
[White "Topalov, Veselin"]
[Black "Leko, Peter"]
[Result "1/2-1/2"]
[WhiteElo "2739"]
[BlackElo "2713"]
[EventDate "2002.02.22"]

1.d4 Cf6 2.c4 e6 3.Cc3 Fb4 4.Dc2 O-O 5.a3 Fxc3+ 6.Dxc3 b6 7.Fg5 Fb7 8.f3 
h6 9.Fh4 d5 10.e3 Cbd7 11.cxd5 Cxd5 12.Fxd8 Cxc3 13.Fh4 Cd5 14.Ff2 c5 15.
e4 Ce7 16.Fb5 Fc6 17.Fxc6 Cxc6 18.Ce2 cxd4 19.Cxd4 Cxd4 20.Fxd4 Tac8 21.
Rd2 Cc5 22.Fxc5 Txc5 23.Tac1 Td8+ 24.Re3 Tdc8 25.Txc5 Txc5 26.Td1 Rf8 
1/2-1/2

[Event "Amber Rapidplay"]
[Site "Monaco MNC"]
[Date "2002.03.16"]
[Round "1"]
[White "Kramnik, Vladimir"]
[Black "Topalov, Veselin"]
[Result "1/2-1/2"]
[WhiteElo "2809"]
[BlackElo "2739"]
[EventDate "2002.03.16"]

1.Cf3 c5 2.c4 g6 3.d4 Fg7 4.e4 d6 5.d5 e6 6.h3 exd5 7.exd5 Ch6 8.De2+ Rf8 
9.Ff4 f5 10.Cg5 Cf7 11.Dd2 De7+ 12.Fe2 Ce5 13.O-O h6 14.Ce6+ Fxe6 15.dxe6 
Cbc6 16.Cc3 Dxe6 17.Cd5 Td8 18.Fe3 Rg8 19.Tae1 Rh7 20.b4 cxb4 21.f4 Cd7 
22.Ff3 Df7 23.Cxb4 Cxb4 24.Dxb4 Cc5 25.Fd5 Dc7 26.Fxc5 dxc5 27.Dxb7 Dxb7 
28.Fxb7 The8 29.Fd5 Fc3 30.Txe8 Txe8 31.Tb1 Te1+ 32.Txe1 Fxe1 1/2-1/2

[Event "Amber Rapidplay"]
[Site "Monaco MNC"]
[Date "2002.03.17"]
[Round "2"]
[White "Morozevich, Alexander"]
[Black "Topalov, Veselin"]
[Result "1/2-1/2"]
[WhiteElo "2742"]
[BlackElo "2739"]
[EventDate "2002.03.16"]

1.e4 c5 2.Cf3 Cc6 3.c3 Cf6 4.e5 Cd5 5.Fc4 Cb6 6.Fb3 d5 7.exd6 Dxd6 8.O-O 
Fe6 9.d4 cxd4 10.Ca3 dxc3 11.Cb5 Dxd1 12.Txd1 Tc8 13.Fxe6 fxe6 14.bxc3 Cc4
15.Tb1 e5 16.Te1 b6 17.Te4 Cd6 18.Ta4 Cxb5 19.Txb5 Td8 20.Fd2 e6 21.Rf1 
Fc5 22.Re2 Tf8 23.Fe3 Fxe3 24.fxe3 Re7 25.Tg4 g6 26.Th4 h5 27.Te4 Tc8 28.
c4 Rd6 29.h3 Tf6 30.c5+ bxc5 31.Tc4 Tb8 32.Tbxc5 Tb2+ 33.Cd2 Cb4 34.a3 
Tf2+ 35.Rxf2 Cd3+ 36.Rf3 Cxc5 37.Ce4+ Cxe4 38.Txe4 Rd5 39.Ta4 e4+ 40.Rg3 
e5 41.Txa7 Te2 42.a4 Txe3+ 43.Rf2 Ta3 44.a5 e3+ 45.Rf3 e4+ 46.Re2 Rd4 47.
Td7+ Re5 48.Te7+ Rf4 49.Tf7+ Rg5 50.Ta7 Rh4 51.Tg7 g5 52.g3+ Rxg3 53.Txg5+
Rf4 54.Txh5 Ta2+ 55.Re1 Ta1+ 56.Re2 Ta2+ 57.Re1 Ta1+ 1/2-1/2

[Event "Amber Blindfold"]
[Site "Monaco MNC"]
[Date "2002.03.16"]
[Round "1"]
[White "Topalov, Veselin"]
[Black "Kramnik, Vladimir"]
[Result "1-0"]
[WhiteElo "2739"]
[BlackElo "2809"]
[EventDate "2002.03.16"]

1.Cf3 Cf6 2.c4 e6 3.Cc3 Fb4 4.d4 c5 5.g3 Ce4 6.Dd3 Da5 7.Dxe4 Fxc3+ 8.Fd2 
Fxd2+ 9.Cxd2 Cc6 10.dxc5 b6 11.Fg2 Fb7 12.De3 Cb4 13.O-O Cc2 14.Dg5 Fxg2 
15.Cb3 Da4 16.Dxg7 Tf8 17.Rxg2 Cxa1 18.Txa1 bxc5 19.Tc1 d6 20.Cd2 O-O-O 
21.Ce4 Dc6 22.f3 f5 23.Cf6 Dc7 24.Dxc7+ Rxc7 25.Cxh7 Tg8 26.h4 Tb8 27.b3 
a5 28.Cg5 Rd7 29.Tc3 a4 30.f4 axb3 31.axb3 Tb6 32.Te3 Te8 33.Rf2 e5 34.
fxe5 dxe5 35.Tf3 Tf8 36.Ce4 Tc6 37.g4 f4 38.h5 Re6 39.Td3 Tg8 40.Rf3 Tb8 
41.e3 Tf8 42.Td5 Tb8 43.Txc5 Tcb6 44.Cg5+ Rf6 45.exf4 Txb3+ 46.Re4 exf4 
47.Rxf4 T3b6 48.Tc7 T8b7 49.Ce4+ 1-0

[Event "Amber Blindfold"]
[Site "Monaco MNC"]
[Date "2002.03.17"]
[Round "2"]
[White "Topalov, Veselin"]
[Black "Morozevich, Alexander"]
[Result "0-1"]
[WhiteElo "2739"]
[BlackElo "2742"]
[EventDate "2002.03.16"]

1.e4 e5 2.Cf3 Cf6 3.Cxe5 d6 4.Cf3 Cxe4 5.d4 d5 6.Fd3 Fd6 7.O-O O-O 8.c4 c6
9.Te1 Fg4 10.Fxe4 dxe4 11.Txe4 f5 12.Te1 Fxf3 13.Dxf3 Dh4 14.g3 Dxd4 15.
Db3 Db6 16.Fe3 Dxb3 17.axb3 Ca6 18.Cc3 Fc5 19.Tad1 Tfe8 20.Fxc5 Txe1+ 21.
Txe1 Cxc5 22.b4 Cd3 23.Te7 Tb8 24.b3 Cxb4 25.Ce2 Ca6 26.Cd4 Rf8 27.Td7 Cc5
28.Tc7 Td8 29.Cxf5 g6 30.Ce3 a5 31.Txh7 Td3 32.Th8+ Re7 33.Ta8 Cxb3 34.h4 
b5 35.g4 Txe3 36.fxe3 bxc4 37.Tc8 c5 38.Rf2 c3 39.Re2 c2 40.Txc5 Cxc5 41.
Rd2 Cd3 42.Rxc2 Ce5 0-1

[Event "Amber Rapidplay"]
[Site "Monaco MNC"]
[Date "2002.03.18"]
[Round "3"]
[White "Topalov, Veselin"]
[Black "Gelfand, Boris"]
[Result "1/2-1/2"]
[WhiteElo "2739"]
[BlackElo "2703"]
[EventDate "2002.03.16"]

1.e4 e5 2.Cf3 Cf6 3.Cxe5 d6 4.Cf3 Cxe4 5.d4 d5 6.Fd3 Fd6 7.O-O O-O 8.c4 c6
9.cxd5 cxd5 10.Cc3 Te8 11.Te1 Cxc3 12.Txe8+ Dxe8 13.bxc3 Fg4 14.Tb1 De7 
15.h3 Fh5 16.Tb5 Dd7 17.c4 dxc4 18.Fxh7+ Rxh7 19.Cg5+ Rg6 20.Dc2+ f5 21.
Dxc4 Cc6 22.g4 Cxd4 23.gxh5+ Rxh5 24.Td5 Tc8 25.Dxd4 Txc1+ 26.Rg2 Rxg5 27.
Txd6 De7 28.Td7 De4+ 29.Dxe4 fxe4 30.Txg7+ Rf6 31.Txb7 Tc2 32.Txa7 e3 33.
Ta3 Txf2+ 34.Rg3 Rf5 35.Txe3 Txa2 1/2-1/2

[Event "Amber Rapidplay"]
[Site "Monaco MNC"]
[Date "2002.03.19"]
[Round "4"]
[White "Almasi, Zoltan"]
[Black "Topalov, Veselin"]
[Result "0-1"]
[WhiteElo "2644"]
[BlackElo "2739"]
[EventDate "2002.03.16"]

1.e4 c5 2.Cf3 d6 3.d4 cxd4 4.Cxd4 Cf6 5.Cc3 Cc6 6.Fg5 e6 7.Dd2 a6 8.O-O-O 
Fd7 9.f4 b5 10.Fxf6 gxf6 11.Cxc6 Fxc6 12.De1 Ta7 13.Fd3 Db6 14.Rb1 h5 15.
Dh4 Th6 16.f5 Dc5 17.The1 e5 18.Fe2 Tc7 19.Td2 b4 20.Cd5 Fxd5 21.exd5 a5 
22.Ff1 Th7 23.De4 Fh6 24.Td4 Tg7 25.Tc4 Db6 26.Txc7 Dxc7 27.Fe2 Dc5 28.
Fxh5 a4 29.Ff3 Re7 30.Dd3 Tg8 31.Da6 a3 32.Db7+ Rf8 33.Fh5 Tg7 34.Td1 axb2
35.g3 Fe3 36.Td3 Th7 37.g4 Ff4 38.Td1 De3 39.Rxb2 e4 40.Dxb4 Fe5+ 41.Rb1 
Rg7 42.Te1 Da7 43.Txe4 Th8 44.Rc1 Tb8 45.Dc4 Tb1+ 46.Rd2 Dg1 47.De2 Dc1+ 
48.Rd3 Da3+ 0-1